British Prime Ministers of the 20th Century - Statistics

General Stats
  • This quiz has been taken 25 times
  • The average score is 17 of 24
Answer Stats
Hint Answer % Correct
1940-1945 t Winston Churchill
100%
1951-1955 t Winston Churchill
100%
1990-1997 t John Major
93%
1979-1990 t Magaret Thatcher
93%
1937-1940 t Neville Chamberlain
93%
1970-1974 t Ted Heath
93%
1997-2007 la Tony Blair
93%
1935-1951 la Clement Attlee
87%
1963-1964 t Alec Douglas-Home
80%
1955-1957 t Anthony Eden
73%
1957-1963 t Harold Macmillan
73%
1964-1970 la Harold Wilson
73%
1974-1976 la Harold Wilson
73%
1976-1979 la James Callaghan
73%
1908-1916 l H.H. Asquith
60%
1924-1924 la Ramsay MacDonald
60%
1929-1935 la Ramsay MacDonald
60%
1923-1924 t Stanley Baldwin
60%
1924-1929 t Stanley Baldwin
60%
1935-1937 t Stanley Baldwin
60%
1916-1922 l David Lloyd George
53%
1902-1905 t Arthur Balfour
47%
1922-1923 t Bonar Law
47%
1905-1908 l Henry Campbell-Bannerman
33%
No matching quizzes found
Score Distribution
Percent of People with Each Score
Percentile by Number Answered
Your Score History
You have not taken this quiz